Nerfs crâniens - Statistiques

Statistiques générales
  • Ce quiz a été pris 815 fois
  • Le résultat moyen est 10 sur 24
Statistiques - réponses
Numéro Nom % Correct
I Olfactif
88%
II Optique
88%
V Trijumeau
86%
X Vague
84%
VII Facial
78%
XII Hypoglosse
77%
III Oculomoteur
73%
XI Accessoire
71%
VI Abducens
70%
IV Trochléaire
65%
VIII Vestibulocochléaire
52%
I Odorat
36%
II Vision
35%
VIII Audition et équilibre
16%
IX Glossopharyngé
16%
VII Moteur : expression faciale Somatique : Goût
12%
IX Sensoriel : GoûtMoteur : Avaler
12%
III Mouvement musculaires des yeux (globe oculaire et dilatation pupillaire)
4%
V Somatique : sensation faciale Moteur : expression faciale
2%
VI Mouvement latéraux du globe oculaire
1%
XII Mouvements de la langue
1%
IV Mouvements verticaux de l'oeil
1%
XI Mouvements tête et épaules
0%
X Sensoriel : sensation dans la partie externe de l’oreille, de la gorge, du cœur et des organes de l’abdomenMoteur : mouvement de la gorge et du palais Parasympathique : régule le rythme cardiaque et innerve les muscles lisses des voies respiratoires, des poumons et du tractus gastro-intestinal
0%
Aucun quiz correspondant
Distribution des résultats
% des personnes avec chaque résultat
Percentile par nombre de réponses
Votre historique - résultats
Vous n’avez pas pris ce quiz